| 000 | 00406nam a22001577a 4500 | ||
|---|---|---|---|
| 003 | OSt | ||
| 005 | 20160510135036.0 | ||
| 008 | 160510b xxu||||| |||| 00| 0 eng d | ||
| 020 | _a0201808676 | ||
| 040 | _cN/A | ||
| 100 | _aHubbard R Glenn | ||
| 245 | _aMoney the financial system and the economy | ||
| 250 | _a1st ed | ||
| 260 |
_aNew York _bAddison Wesley Publishing Company _c1995 |
||
| 942 |
_2lcc _cBK |
||
| 999 |
_c253453 _d253452 |
||